| 000 | 00373 a2200145 4500 | ||
|---|---|---|---|
| 001 | 170227 | ||
| 020 | _a | ||
| 040 | _cMagnum | ||
| 100 | _aSociedade Brasileira de Quimica | ||
| 240 | 1 | 0 |
_aQuimica nova - janeiro/fevereiro 2002 - v.25 - n.1 _lpor |
| 245 | 1 | 0 | _aQuimica nova - janeiro/fevereiro 2002 - v.25 - n.1 |
| 362 | 0 | _a1899 | |
| 697 | _aPARADIDATICO | ||
| 942 | _cBK | ||
| 999 |
_c170227 _d170227 |
||